Agua pasada: artículos, prólogos y discursos
Gespeichert in:
| 1. Verfasser: | |
|---|---|
| Format: | Buch |
| Sprache: | Spanisch |
| Veröffentlicht: |
Barcelona
Anagrama
1993
|
| Ausgabe: | 2a. ed |
| Schlagworte: | |
| Tags: |
Tag hinzufügen
Keine Tags, Fügen Sie den ersten Tag hinzu!
|
MARC
| LEADER | 00000nam a2200000 a 4500 | ||
|---|---|---|---|
| 001 | UCM7722 | ||
| 003 | CL-VaPUC | ||
| 008 | 030110e19930000SP |||||||||||||||||spa|d | ||
| 082 | 0 | 4 | |a 864 |b MAR |2 21 |
| 100 | |a Martín Gaite, Carmen |e autora |9 419708 | ||
| 245 | 1 | 0 | |a Agua pasada: artículos, prólogos y discursos |
| 250 | |a 2a. ed | ||
| 300 | |a 410 p | ||
| 942 | |c BK | ||
| 945 | |d 20030110 00:00:00 |a cmena | ||
| 260 | |a Barcelona |b Anagrama |c 1993 | ||
| 650 | 0 | |a Ensayos españoles |9 313128 | |
| 650 | 0 | |a Literatura española |9 306261 | |
| 583 | |a last modification |c 20030110 00:00:00 |k Rodrigo Vera | ||
| 999 | |c 302405 |d 302403 | ||
| 952 | |0 0 |1 0 |4 0 |6 864_000000000000000_MAR_1993 |7 0 |8 A |9 362911 |a FDOPOS |b FDOPOS |d 2019-11-21 |i 3873900 |o 864 MAR 1993 |p 3873900 |r 2025-01-22 |w 2019-11-21 |y BK |k MLH | ||